000 00318nam a22001337a 4500
020 _a978-1-4052-2846-6
082 _a823
_bBLY/M
100 _aENID BLYTON
245 _aMYSTERY OF BANSHEE TOWERS
260 _aGREAT BRITAIN
_bEGMONT
_c1961
300 _a198
650 _aCHILDRENS STORY BOOK
_zUNITED KINGDOM
942 _cBK
999 _c157
_d157